មូលដ្ឋានសំខាន់ភាពស៊ាំវិទ្យា, Essential immunology (Record no. 23987)

000 -LEADER
fixed length control field 00340nam a22001097a 4500
040 ## - CATALOGING SOURCE
Transcribing agency RUA
082 ## - DEWEY DECIMAL CLASSIFICATION NUMBER
Classification number 155 BUN 2023 A126 Or.
100 ## - MAIN ENTRY--AUTHOR NAME
Personal name BUN TEAN , ប៊ុន ទៀន
245 ## - TITLE STATEMENT
Title មូលដ្ឋានសំខាន់ភាពស៊ាំវិទ្យា, Essential immunology
260 ## - PUBLICATION, DISTRIBUTION, ETC. (IMPRINT)
Place of publication PHNOM PENH
Name of publisher RUA
Year of publication 2023
942 ## - ADDED ENTRY ELEMENTS (KOHA)
Koha item type សៀវភៅភាសាខ្មែរ
952 ## - LOCATION AND ITEM INFORMATION (KOHA)
Withdrawn status [LOCAL, KOHA] 0
Holdings
Koha item type Barcode Lost status Permanent Location Current Location Date acquired Full call number
សៀវភៅភាសាខ្មែរA080220 Library Block ALibrary Block A2025-01-23155 BUN 2023 A126 Or.
មជ្ឈមណ្ឌលឯការនៃសាកលវិទ្យាល័យភូមិន្ទកសិកម្មចំការដូង

Powered by Koha